000
00258nam a22001217a 4500
008
171127b xxu||||| |||| 00| 0 eng d
041
_a
eng
080
_2
12 ED
_a
575
100
_a
5
101
_a
BIO
245
_a
BIOCHIMESTRY
_c
MARTIN.D.W
942
_2
udc
_c
BK
999
_c
38526
_d
38526